| Tag |
First Indicator |
Second Indicator |
Subfields |
| LEADER |
00000cam a2200000 4500 |
| 001 |
in00000042177 |
| 005 |
20151007070759.0 |
| 008 |
760722s1925 enka b 00010 eng u |
| 010 |
|
|
|a 26005033
|
| 035 |
|
|
|a (OCoLC)02326452
|
| 035 |
|
|
|9 AAE4703AM
|
| 040 |
|
|
|c CSU
|d TXA
|d UtOrBLW
|
| 049 |
|
|
|a TXAM
|c [31879]
|
| 050 |
|
0 |
|a QC481
|b .S63
|
| 092 |
|
|
|a 535.84
|b S57s
|
| 100 |
1 |
|
|a Siegbahn, Manne,
|d 1886-1978.
|
| 245 |
1 |
4 |
|a The spectroscopy of X-rays /
|c by Manne Siegbahn ... translated with the author's additions by George A. Lindsay ...
|
| 264 |
|
1 |
|a London :
|b Oxford University Press, H. Milford,
|c 1925.
|
| 300 |
|
|
|a xii, 287 pages :
|b illustrations, diagrams ;
|c 25 cm.
|
| 336 |
|
|
|a text
|b txt
|2 rdacontent
|
| 337 |
|
|
|a unmediated
|b n
|2 rdamedia
|
| 338 |
|
|
|a volume
|b nc
|2 rdacarrier
|
| 504 |
|
|
|a Bibliography: pages 265-285.
|
| 650 |
|
0 |
|a X-rays.
|
| 650 |
|
0 |
|a Spectrum analysis.
|
| 700 |
1 |
|
|a Lindsay, George Allan,
|d 1879-
|
| 999 |
|
|
|a MARS
|
| 999 |
f |
f |
|s 5109fa1f-612b-30f4-86a1-94731b24f504
|i d7918ed7-beff-3883-ac5a-e4330956f23b
|t 0
|
| 952 |
f |
f |
|p ric
|a Texas A&M University
|b Rellis Campus
|c Joint Library Facility
|d Remote Storage
|t 0
|e QC481 .S63
|h Library of Congress classification
|i unmediated -- volume
|m A14800918420
|
| 998 |
f |
f |
|a QC481 .S63
|t 0
|l Remote Storage
|